00274nam a2200073Ia 4500082001600000245007900016100006400095008004100159 aST 428 LUTR 0aEnglish handbook and study guide : a comprehensive English reference book  a LUTRIN, Beryl Birnam Park, South Africa, 2004 Rev. ed 210817s9999 xx 000 0 und d